Biological chemistry
Salvato in:
| Autore principale: | |
|---|---|
| Altri autori: | |
| Natura: | Libro |
| Lingua: | inglese |
| Pubblicazione: |
New York, USA
Harper and Row
1971
|
| Edizione: | Segunda edición |
| Soggetti: | |
| Tags: |
Aggiungi Tag
Nessun Tag, puoi essere il primo ad aggiungerne!!
|
MARC
| LEADER | 00000cam a2200000 a 4500 | ||
|---|---|---|---|
| 001 | UCG3145 | ||
| 003 | CL-VaPUC | ||
| 005 | 20210701125732.0 | ||
| 008 | 100812e19710000US |||||||||||||||||eng|d | ||
| 999 | |c 342238 |d 342236 | ||
| 020 | |a 060441720 | ||
| 040 | |c Pontificia Universidad Católica de Valparaíso | ||
| 082 | 0 | 4 | |a 574.192 MAH 1971 |2 21 |
| 100 | |a Mahler, Henry R. |e autor |9 552056 | ||
| 245 | 1 | 0 | |a Biological chemistry |
| 250 | |a Segunda edición | ||
| 260 | 0 | 3 | |a New York, USA |b Harper and Row |c 1971 |
| 300 | |a 1009 páginas | ||
| 583 | |a last modification |c 20170417 12:40:46 |k Rodrigo Vera | ||
| 650 | 0 | |a Bioquímica |9 259492 | |
| 650 | 0 | |a Metabolismo |9 259893 | |
| 700 | 0 | |a Cordes, Eugene H |9 552057 | |
| 942 | |c BK |2 ddc | ||
| 945 | |d 20100812 00:00:00 |a mfarfan | ||
| 952 | |0 0 |1 0 |2 ddc |3 erd |4 0 |6 574_192000000000000_MAH_1971 |7 0 |8 A |9 438327 |a BIBCUR |b BIBCUR |c PAC |i 5388465 |o 574.192 MAH 1971 |p 5388465 |r 2025-04-22 |t 2 |w 2019-11-22 |y BK |z Catalogado en:20170422 |k BIO | ||